| 000 | 00725nam a2200205 a 4500 | ||
|---|---|---|---|
| 003 | PILC | ||
| 005 | 20160220084921.0 | ||
| 008 | 111111s19uu xx 00 eng d | ||
| 020 | _a9780415999564 | ||
| 050 |
_aD 16.255.A8 _b.T44 2010 |
||
| 100 | _aMarcus, Alan S. | ||
| 245 |
_aTeaching history with film : _bstrategies for secondary social studies / _cAlan S. Marcus, Scott Alan Metzger, Richard J. Paxton, Jeremy D. Stoddard. |
||
| 260 |
_aNew York : _bRoutledge, _c2010. |
||
| 300 |
_a198 pages : _c26 cm. _billustrations ; |
||
| 500 | _aIncludes index. | ||
| 650 |
_aHistory _xStudy and teaching (Secondary) _xAudio-visual aids. |
||
| 650 | _aMotion pictures in education. | ||
| 942 |
_cBK _2lcc _kFOR |
||
| 999 |
_c39690 _d39690 |
||